Структура механизмов и машин: учебное пособие

Dades bibliogràfiques
Autor principal: Смелягин А. И. Анатолий Игоревич
Sumari:Работа состоит из предисловия, введения, четырех разделов и заключения. В ней изложены задачи структурного анализа и синтеза машин и механизмов. Дан краткий анализ работ ученых, внесших заметный вклад в создание и развитие теории структуры машин и механизмов. Приведена основная терминология курса, даны основные понятия и определения. Рассмотрены наиболее распространенные на практике машины и механизмы. Исследованы пространства, в которых существуют машины и механизмы. Получены универсальные формулы для определения подвижности простых механизмов. Приводится классификация и структурный анализ различных механизмов. Разработаны оригинальные математические модели, описывающие структуру механизмов и структурных групп. Рассматриваются методы образования механизмов и машин, а также структурно-параметрический синтез рычажных механизмов. Учебное пособие предназначено для студентов, магистрантов и аспирантов, осваивающих курсы «Теории механизмов и машин», «Прикладная механика», «Техническая механика», «Основы проектирования машин», «Робототехника» и т. п. , оно также будет полезно разработчикам и экспертам новой техники.
Idioma:rus
Publicat: Новосибирск, Изд-во НГТУ, 2003
Col·lecció:Учебники НГТУ
Федеральная целевая программа "Культура России"
Matèries:
Format: MixedMaterials Llibre
KOHA link:https://koha.lib.tpu.ru/cgi-bin/koha/opac-detail.pl?biblionumber=93628

MARC

LEADER 00000nam0a2200000 4500
001 93628
005 20231031105256.0
010 |a 5778203829 
035 |a (RuTPU)RU\TPU\book\100240 
035 |a RU\TPU\book\63012 
090 |a 93628 
100 |a 20060330d2003 m y0rusy50 ca 
101 0 |a rus 
102 |a RU 
105 |a a j 001zy 
200 1 |a Структура механизмов и машин  |e учебное пособие  |f А. И. Смелягин 
210 |a Новосибирск  |c Изд-во НГТУ  |d 2003 
215 |a 306 с.  |c ил. 
225 1 |a Учебники НГТУ 
225 1 |a Федеральная целевая программа "Культура России"  |e подпрограмма "Поддержка полиграфии и книгоиздания России" 
320 |a Библиогр.: с. 301-303. 
320 |a Предметный указатель: с. 298-300. 
330 |a Работа состоит из предисловия, введения, четырех разделов и заключения. В ней изложены задачи структурного анализа и синтеза машин и механизмов. Дан краткий анализ работ ученых, внесших заметный вклад в создание и развитие теории структуры машин и механизмов. Приведена основная терминология курса, даны основные понятия и определения. Рассмотрены наиболее распространенные на практике машины и механизмы. Исследованы пространства, в которых существуют машины и механизмы. Получены универсальные формулы для определения подвижности простых механизмов. Приводится классификация и структурный анализ различных механизмов. Разработаны оригинальные математические модели, описывающие структуру механизмов и структурных групп. Рассматриваются методы образования механизмов и машин, а также структурно-параметрический синтез рычажных механизмов. Учебное пособие предназначено для студентов, магистрантов и аспирантов, осваивающих курсы «Теории механизмов и машин», «Прикладная механика», «Техническая механика», «Основы проектирования машин», «Робототехника» и т. п. , оно также будет полезно разработчикам и экспертам новой техники. 
610 1 |a машиностроение 
610 1 |a машины 
610 1 |a механизмы 
610 1 |a понятия 
610 1 |a определения 
610 1 |a структурный анализ 
610 1 |a структурный синтез 
610 1 |a рычажные механизмы 
610 1 |a учебные пособия 
675 |a 621.01(075.8)  |v 3 
700 1 |a Смелягин  |b А. И.  |g Анатолий Игоревич 
801 1 |a RU  |b 63413507  |c 20040115  |g PSBO 
801 2 |a RU  |b 63413507  |c 20220517  |g PSBO 
942 |c BK